Hang your shingle and carry on (Record no. 81874)

MARC details
000 -LEADER
fixed length control field 01280cab a22002415a 4500
001 - CONTROL NUMBER
control field L148524
008 - FIXED-LENGTH DATA ELEMENTS--GENERAL INFORMATION
fixed length control field 090929s2009 xxk f 000 0 eng d
035 ## - SYSTEM CONTROL NUMBER
System control number (Sirsi) u148524
041 0# - LANGUAGE CODE
Language code of text/sound track or separate title eng
100 1# - MAIN ENTRY--PERSONAL NAME
Personal name Shears, Peter
245 00 - TITLE STATEMENT
Title Hang your shingle and carry on
Remainder of title estate agents - the unlicensed UK profession
260 ## - PUBLICATION, DISTRIBUTION, ETC.
Date of publication, distribution, etc. 2009
490 #0 - SERIES STATEMENT
Series statement Journal of Property Investment and Finance
Volume/sequential designation 27(3) 2009, 191-211(21)
520 ## - SUMMARY, ETC.
Summary, etc. Estate agents unlike most providers of professional services in the UK are not currently regulated by means of pre-entry qualifications or required standards. This is particularly surprising as estate agents are centrally involved in what is often the largest and most stressful of all consumer transactions. Traces the history of the many attempts to create a regulatory framework for estate agents and discusses the reasons why these attempts failed. Examines the current proposals for change. Notes.
590 ## - LOCAL NOTE (RLIN)
Local note KA
650 24 - SUBJECT ADDED ENTRY--TOPICAL TERM
Topical term or geographic name entry element ESTATE AGENTS ACT 1979
650 24 - SUBJECT ADDED ENTRY--TOPICAL TERM
Topical term or geographic name entry element CONSUMERS, ESTATE AGENTS AND REDRESS ACT 2007
650 24 - SUBJECT ADDED ENTRY--TOPICAL TERM
Topical term or geographic name entry element CARSBERG REVIEW OF RESIDENTIAL PROPERTY
651 #4 - SUBJECT ADDED ENTRY--GEOGRAPHIC NAME
Geographic name England and Wales
Chronological subdivision 1543-
690 ## - LOCAL SUBJECT ADDED ENTRY--TOPICAL TERM (OCLC, RLIN)
Topical term or geographic name as entry element PROPERTY-PROPERTY AGENCY
690 ## - LOCAL SUBJECT ADDED ENTRY--TOPICAL TERM (OCLC, RLIN)
Topical term or geographic name as entry element PROPERTY-RESIDENTIAL PROPERTY-RESIDENTIAL PROPERTY AGENCY
942 ## - ADDED ENTRY ELEMENTS (KOHA)
Suppress in OPAC 0
Holdings
Withdrawn status Lost status Source of classification or shelving scheme Damaged status Not for loan Home library Current library Shelving location Date acquired Total Checkouts Full call number Barcode Date last seen Copy number Price effective from Koha item type
    Dewey Decimal Classification     London London Journal article 29/09/2009   L148524 148524-1001 06/08/2019 1 06/08/2019 Journal article